000 00404nam a2200157Ia 4500
008 230711s9999||||xx |||||||||||||| ||und||
041 _aENG
082 _a720
_bNA-T
100 _aNashed,Fred A,A
245 0 _aTime saver details for exterior wall design
250 _a1st Ed.
260 _c1995
_aNew Delhi
_bTata McGraw Hill Education Limited
300 _a278
650 _aArchitecture
942 _cBK
999 _c4648
_d4648